Annals of library and information studies. (Record no. 24177)
[ view plain ]
| 000 -LEADER | |
|---|---|
| fixed length control field | 02268cas a2200505 a 4500 |
| 001 - CONTROL NUMBER | |
| control field | 12741978 |
| 005 - DATE AND TIME OF LATEST TRANSACTION | |
| control field | 20080105082212.0 |
| 008 - FIXED-LENGTH DATA ELEMENTS--GENERAL INFORMATION | |
| fixed length control field | 020320c20019999ii qr p 0 a0eng d |
| 010 ## - LIBRARY OF CONGRESS CONTROL NUMBER | |
| LC control number | 2002293584 |
| 022 ## - INTERNATIONAL STANDARD SERIAL NUMBER | |
| International Standard Serial Number | 0972-5423 |
| Source | 20 |
| 025 ## - OVERSEAS ACQUISITION NUMBER | |
| Overseas acquisition number | I-D-E-2002-293584 |
| 035 ## - SYSTEM CONTROL NUMBER | |
| System control number | (OCoLC)ocm49354883 |
| 040 ## - CATALOGING SOURCE | |
| Original cataloging agency | OU |
| Transcribing agency | OU |
| Modifying agency | DLC |
| -- | MUQ |
| -- | InU |
| -- | DLC |
| -- | NLGGC |
| -- | WaU |
| 042 ## - AUTHENTICATION CODE | |
| Authentication code | lc |
| 050 ## - LIBRARY OF CONGRESS CALL NUMBER | |
| Classification number | Z671 |
| Item number | .A78 |
| 082 ## - DEWEY DECIMAL CLASSIFICATION NUMBER | |
| Classification number | 020.5 |
| 210 ## - ABBREVIATED TITLE | |
| Abbreviated title | Ann. Libr. Inf. Stud. |
| 222 ## - KEY TITLE | |
| Key title | Annals of library and information studies |
| 245 ## - TITLE STATEMENT | |
| Title | Annals of library and information studies. |
| 260 ## - PUBLICATION, DISTRIBUTION, ETC. (IMPRINT) | |
| Place of publication, distribution, etc | New Delhi : |
| Name of publisher, distributor, etc | National Institute of Science Communication and Information Resources, CSIR, |
| Date of publication, distribution, etc | 2001- |
| 300 ## - PHYSICAL DESCRIPTION | |
| Extent | v. ; |
| Dimensions | 28 cm. |
| 310 ## - CURRENT PUBLICATION FREQUENCY | |
| Current publication frequency | Quarterly |
| 362 ## - DATES OF PUBLICATION AND/OR SEQUENTIAL DESIGNATION | |
| Dates of publication and/or sequential designation | Vol. 48, no. 1 (Mar. 2001)- |
| 500 ## - GENERAL NOTE | |
| General note | Title from cover. |
| 500 ## - GENERAL NOTE | |
| General note | Latest issue consulted: Vol. 53, no. 4 (Dec. 2006) |
| 550 ## - ISSUING BODY NOTE | |
| Issuing body note | Issued by: Indian National Scientific Documentation Centre, 2001-; by: National Institute of Science Communication and Information Resources, CSIR, <2006-> |
| 650 ## - SUBJECT ADDED ENTRY--TOPICAL TERM | |
| Topical term or geographic name as entry element | Library science |
| Form subdivision | Periodicals. |
| 9 (RLIN) | 38572 |
| 650 ## - SUBJECT ADDED ENTRY--TOPICAL TERM | |
| Topical term or geographic name as entry element | Documentation |
| Form subdivision | Periodicals. |
| 9 (RLIN) | 38573 |
| 650 ## - SUBJECT ADDED ENTRY--TOPICAL TERM | |
| Topical term or geographic name as entry element | Information science |
| Form subdivision | Periodicals. |
| 9 (RLIN) | 38574 |
| 650 ## - SUBJECT ADDED ENTRY--TOPICAL TERM | |
| Topical term or geographic name as entry element | Bibliothéconomie |
| Form subdivision | Périodiques. |
| 9 (RLIN) | 38575 |
| 650 ## - SUBJECT ADDED ENTRY--TOPICAL TERM | |
| Topical term or geographic name as entry element | Documentation |
| Form subdivision | Périodiques. |
| 9 (RLIN) | 38576 |
| 650 ## - SUBJECT ADDED ENTRY--TOPICAL TERM | |
| Topical term or geographic name as entry element | Bibliotheekwezen. |
| Source of heading or term | gtt |
| 9 (RLIN) | 38577 |
| 710 ## - ADDED ENTRY--CORPORATE NAME | |
| Corporate name or jurisdiction name as entry element | Indian National Scientific Documentation Centre. |
| 9 (RLIN) | 38578 |
| 710 ## - ADDED ENTRY--CORPORATE NAME | |
| Corporate name or jurisdiction name as entry element | National Institute of Science Communication and Information Resources (New Delhi, India) |
| 9 (RLIN) | 38579 |
| 780 ## - PRECEDING ENTRY | |
| Title | Annals of library science and documentation |
| International Standard Serial Number | 0003-4835 |
| Record control number | (DLC) 56058905 |
| -- | (OCoLC)1481387 |
| 856 ## - ELECTRONIC LOCATION AND ACCESS | |
| Uniform Resource Identifier | <a href="http://www.niscair.res.in/sciencecommunication/researchjournals/rejour/annals/annals0.asp">http://www.niscair.res.in/sciencecommunication/researchjournals/rejour/annals/annals0.asp</a> |
| 270 ## - ADDRESS | |
| Address | DR KS Krishan Marg, |
| City | New Delhi |
| Postal code | 110012 |
| Telephone number | 011-26560141 |
| Fax number | 011-26862228 |
| Electronic mail address | annals@niscair.res.in |
| 906 ## - LOCAL DATA ELEMENT F, LDF (RLIN) | |
| a | 7 |
| b | cbc |
| c | serials |
| d | 2 |
| e | ncip |
| f | 20 |
| g | n-oclcserc |
| 942 ## - ADDED ENTRY ELEMENTS (KOHA) | |
| Source of classification or shelving scheme | Dewey Decimal Classification |
| Item type | Periodicals |
| Classification part | 020.5 |
| Call number suffix | ANN |
| Serial record | 1 |
| Withdrawn status | Lost status | Source of classification or shelving scheme | Damaged status | Not for loan | Collection code | Home library | Current library | Date acquired | Total Checkouts | Full call number | Date last seen | Price effective from | Koha item type |
|---|---|---|---|---|---|---|---|---|---|---|---|---|---|
| Dewey Decimal Classification | Not For Loan | Non-fiction | D.B.Act.Division | D.B.Act.Division | 23/02/2009 | 020.5 ANN | 23/02/2009 | 23/02/2009 | Periodicals |
